00543nam a2200169 a 450000100100000000500170001000800410002702000150006804000250008308200150010824500750012326000450019830000280024350000210027170000420029271000390033400002746220240228142033.0110331s1997 dr a r 000 0 spa d a9768156694 aDO-SdBNPbspacBNPHU axxxxbxxxx00aAventuras de un cuadro misterioso /cprólogo de Manuel Mora Serrano. aSanto Domingo :bAmigo del Hogar,c1997. a108 p. :bil. ;c29 cm. aIncluye índice1 aMora Serrano, Manuel,c1933-epról.2 aFundación Dr. José Ramia Yapur